Modern Synopsis of comprehensive textbook psychiatry

Đã lưu trong:
書目詳細資料
主要作者: Harold I Kaplan
格式: 圖書
語言:Undetermined
出版: Baltomore, MD William & Wilkins 1981
主題:
標簽: 添加標簽
沒有標簽, 成為第一個標記此記錄!
Thư viện lưu trữ: Trung tâm Học liệu Trường Đại học Cần Thơ
LEADER 00567nam a2200169Ia 4500
001 CTU_43292
008 210402s9999 xx 000 0 und d
082 |a 616.89 
082 |b K91 
100 |a Harold I Kaplan 
245 0 |a Modern Synopsis of comprehensive textbook psychiatry 
245 0 |c Harold I Kaplan, Benjamin J Sadock 
260 |a Baltomore, MD 
260 |b William & Wilkins 
260 |c 1981 
650 |a clinical psychiatry,mental illness,nervous system - diseases,psychology, pathological 
980 |a Trung tâm Học liệu Trường Đại học Cần Thơ